banner-ar

انفلونزا الخنازير بين التهوين و التهويل / (Record no. 60368)

MARC details
000 -الفاتح
حقل البيانات ثابتة الطول 00966nam a22002417a 4500
005 - وقت وتاريخ اخر تعامل مع التسجيلة
رقم الضبط 20240530110406.0
008 - عناصر البيانات ثابتة الطول - معلومات عامة
حقل البيانات ثابتة الطول 150203s2010 ua o f 000 0 ara d
017 ## - رقم الايداع القانونى
رقم الايداع القانونى 2010/1821
المصدر ( الهيئة المختصة) مصر . دار الكتب المصرية
020 ## - الرقم الدولى المعيارى للكتب
الرقم الدولى المعيارى للكتاب 9789773683121
040 ## - مصدر الفهرسة
وكالة الفهرسة الأصلية EG-CaGPL
041 0# - رمز اللغة
رمز لغة النص/ المسارات الصوتية أو العنوان الانفرادي ara
082 04 - رقم تصنيف ديوى العشرى
رقم الطبعة 21
رقم التصنيف 616.203\
رقم المادة ع أ
100 0# - المدخل الرئيسى - إسم شخصى
الإسم الشخصى عبدالحميد محمد عمر الشيخ
245 10 - بيان العنوان
العنوان انفلونزا الخنازير بين التهوين و التهويل /
بيان المسئوليه,etc عبدالحميد محمد عمر الشيخ
250 ## - بيان الطبعة
بيان الطبعة ط 1
260 ## - PUBLICATION, DISTRIBUTION, ETC. (IMPRINT)
تاريخ النشر أو التوزيع 2010
300 ## - الوصف المادى
التعداد 132 ص :
تفاصيل ماديه اخرى للوعاء صور ؛
أبعاد الوعاء 24 سم
504 ## - تبصرة ببليوجرافية
تبصرة ببليوجرافية,الخ يشتمل على ارجاعات ببليوجرافية
650 04 - المدخل الاضافى بالموضوع-مصطلح موضوعى
مصطلح موضوعي انفلوانزا الخنازير
650 04 - المدخل الاضافى بالموضوع-مصطلح موضوعى
مصطلح موضوعي انفلوانزا الخنازير
التقسيم الفرعي العام طرق علاج
942 ## - عناصر المدخل الإضافي( كوها)
مصدر التصنيف او مخطط الترفيف Dewey Decimal Classification
Koha [default] item type كتاب
260 ## - PUBLICATION, DISTRIBUTION, ETC. (IMPRINT)
-- الاسكندرية :
-- مؤسسة حور الدولية للنشر و التوزيع ،
Holdings
حالة التراجع حالة الفقد حالة تلف ليس للاعارة المكان المؤقت الموقع الحالى تاريخ الاكتساب اجمالي اﻻعارات رقم الطلب الباركود تاريخ اخر مشاهدة تاريخ تفعيل السعر نوع وعاء كوها
        مكتبة القاهرة الكبرى مكتبة القاهرة الكبرى 02/03/2015   616.203\ ع أ 159396 02/03/2015 02/03/2015 كتاب

Powered By

EGPV